000 00326nam a22001457a 4500
008 221025b ||||| |||| 00| 0 eng d
020 _a2901584805549
041 _aeng
080 _a610.73
082 _a610.73 RED
100 _a8
101 _aINF
245 _aRESPONDING TO EMERGENCIES
_cAMERICAN RED
942 _2udc
_cBK
999 _c58678
_d58678